000 00485nam a2200157 i 4500
001 185381
003 ES-MaACL
005 20250717062049.0
008 160526s1906 fr |||| | fre d
100 1 _aMistral, Frédéric,
_d1830-1914
_981664
245 1 0 _aMémoires et récits /
_cde Frédéric Mistral ; (traduction du provençal).
260 _aParis :
_bPlon-Nourrit,
_c1906.
300 _a367 p. ;
_c19 cm.
852 _aES-MaACL
_jD-2052
999 _c185381
_d185381